Integrated application : (Record no. 14171)

MARC details
000 -LEADER
fixed length control field 00850nam a22002417a 4500
003 - CONTROL NUMBER IDENTIFIER
control field OSt
005 - DATE AND TIME OF LATEST TRANSACTION
control field 20251023055941.0
008 - FIXED-LENGTH DATA ELEMENTS--GENERAL INFORMATION
fixed length control field 250120t1998 |||||||| |||| 00| | eng d
020 ## - INTERNATIONAL STANDARD BOOK NUMBER
International Standard Book Number 0-538-71660-6
040 ## - CATALOGING SOURCE
Transcribing agency JMCFI - Learning Resource Center
082 ## - DEWEY DECIMAL CLASSIFICATION NUMBER
Classification number F.P./IT.Ed. 652.5'5369 In61 1998
100 ## - MAIN ENTRY--PERSONAL NAME
Personal name VanHuss, Susie H
9 (RLIN) 6475
245 ## - TITLE STATEMENT
Title Integrated application :
Remainder of title COREL WordPerfect suite 6.1/7 /
Statement of responsibility, etc. Susie H. VanHuss, [and 3 others].
260 ## - PUBLICATION, DISTRIBUTION, ETC.
Place of publication, distribution, etc. Ohio :
Name of publisher, distributor, etc. South-Western Educational Publishing ,
Date of publication, distribution, etc. 1998.
300 ## - PHYSICAL DESCRIPTION
Extent ix, 452 pages :
Other physical details colored, illus. ;
Dimensions 27 cm
504 ## - BIBLIOGRAPHY, ETC. NOTE
Bibliography, etc. note Includes bibliographical references.
650 ## - SUBJECT ADDED ENTRY--TOPICAL TERM
Topical term or geographic name entry element WordPerfect for windows (Computer file).
9 (RLIN) 6476
650 ## - SUBJECT ADDED ENTRY--TOPICAL TERM
Topical term or geographic name entry element Word processing.
9 (RLIN) 5872
700 ## - ADDED ENTRY--PERSONAL NAME
Personal name Duncan, Charles H
9 (RLIN) 6477
700 ## - ADDED ENTRY--PERSONAL NAME
Personal name Forde, Connie
9 (RLIN) 6478
700 ## - ADDED ENTRY--PERSONAL NAME
Personal name Woo, Donna L
9 (RLIN) 6479
942 ## - ADDED ENTRY ELEMENTS (KOHA)
Source of classification or shelving scheme Dewey Decimal Classification
Koha item type Books
Suppress in OPAC No
Holdings
Withdrawn status Lost status Source of classification or shelving scheme Damaged status Not for loan Home library Current library Shelving location Date acquired Total Checkouts Full call number Barcode Date last seen Copy number Price effective from Koha item type
    Dewey Decimal Classification     LRC - College (Main) LRC - College (Main) Foreign Publications - Information Technology Education 10/03/2003   F.P./IT.Ed. 652.5'5369 In61 1998 c1 00009487 10/23/2025 1 10/23/2025 Books
    Dewey Decimal Classification     LRC - College (Main) LRC - College (Main) Foreign Publications - Information Technology Education 10/03/2003   F.P./IT.Ed. 652.5'5369 In61 1998 c2 00009488 10/23/2025 2 10/23/2025 Books